Catholic Cardinals to Country - Statistics

General Stats
  • This quiz has been taken 110 times
  • The average score is 11 of 15
Answer Stats
Hint Answer % Correct
Konrad Krajewski Poland
95%
Reinhard Marx Germany
89%
Péter Erdő Hungary
84%
Luis Antonio Tagle Philippines
81%
Mykola Bychok Ukraine
80%
Christophe Pierre France
79%
Fridolin Ambongo Besungu Democratic Republic of the Congo
78%
Raymond Leo Burke United States
77%
Angelo Scola Italy
76%
Sérgio da Rocha Brazil
68%
Marc Ouellet Canada
65%
Juan José Omella Spain
65%
Robert Sarah Guinea
56%
Peter Turkson Ghana
52%
Oswald Gracias India
23%
No matching quizzes found
Score Distribution
Percent of People with Each Score
Percentile by Number Answered
Your Score History
You have not taken this quiz